000 01891nam a2200325Ia 4500
001 57231
003 CO-BoRNBP
005 20250605154522.0
007 ta
008 180109s9999 xx 000 0 und d
020 _a9788434226524
040 _aCO-BoRNBP
_bspa
_erda
_cCO-BoRNBP
041 _aspa
082 0 _a910.3 C24d
100 1 _aCela, Daniel,
_960011
245 1 0 _aDime cosas de tu país :
_b30 e-mails para la diversidad /
_cDaniel Cela ; ilustraciones de Jordi Costa.
250 _aSegunda edición
264 1 _aBarcelona :
_bParramón;2007
300 _a144 páginas :
_bilustraciones en color ;
_c28 cm
336 _atexto
_btxt
_2rdacontent
337 _asin mediación
_bn
_2rdamedia
338 _avolumen
_bnc
_2rdacarrier
500 _aIncluye glosario.
505 0 _aAustralia albin@australia.com.au Italia raffaella@italia.it Canada marie@canada.ca Brasil sebastiao@brasil.br Rusia nikolai @rusia.ru Marruecos ahmed@marruecos.ma Japón gombei@japon.jp Perú Pablo @peru.pe Estados Unidos joe@usa.com Alemania guntherfriederich@alemania.de República Sudafricana jeremiah@republicasudafrica.co.za India suoranie@india.in Argentina beatriz@argentina.ar Grecia filipostradiatis@grecia.gr Kenya wainaina@kenya.ke España carlota@españa.es Colombia julieta@colombia.com.co Islandia sarahragnar@islandia.is China lishumei@china.com.cn Portugal amalia@portugal.pt Egipto samy@egipto.eg Holanda willem@holanda.nl Mexico elias@mexico.mx Reino Unido maryann@reinounido.uk Iran shirin@iran.ir Turquia orhan@turquia.tr Francia alinedevoix@francia.fr Guatemala lissette@guatemala.gt Polonia sabina@polonia.pl Nueva zelanda oliver@nuevazelanda.nz.
650 0 4 _aCultura General
_2LEMB
_960012
650 0 4 _aCultura
_2LEMB
650 0 4 _aCivilizacion - Historia.
_2LEMB
_97617
700 1 _aCosta, Jordi, 1966-, ilustrador
_960013
942 _2ddc
_cBK
999 _c57231
_d57231